The military and political power in China in the 1970s /

Bibliographic Details
Main Author: Whitson, William W.
Format: Book
Language:English
Published: New York : Praeger Publishers, [1972]
Series:Praeger special studios in international politics and public affairs
Subjects:

MARC

Tag First Indicator Second Indicator Subfields
LEADER 00000cam a2200000 4500
001 in00000106813
005 20150928120135.0
008 720728s1972 nyu b 00010 eng
010 |a  78189842  
035 |a (OCoLC)02780188 
035 |9 AAM5445AM 
040 |a DLC  |c DLC  |d TXA  |d UtOrBLW 
043 |a a-cc--- 
049 |a TXAM  |c [710595] 
050 0 0 |a UA839.3  |b .W52 1972 
082 0 |a 355/.00951 
100 1 |a Whitson, William W. 
245 1 4 |a The military and political power in China in the 1970s /  |c Edited by William W. Whitson. 
264 1 |a New York :  |b Praeger Publishers,  |c [1972] 
300 |a xxxiv, 390 pages ;  |c 25 cm. 
336 |a text  |b txt  |2 rdacontent 
337 |a unmediated  |b n  |2 rdamedia 
338 |a volume  |b nc  |2 rdacarrier 
490 0 |a Praeger special studios in international politics and public affairs 
504 |a Includes bibliographical references. 
610 1 0 |a China.  |b Zhongguo ren min jie fang jun  |x Political activity. 
999 |a MARS 
999 f f |s af3b5aa6-3173-3cad-9a29-7ac7adb525d9  |i 606457ec-59a5-3ae3-abb8-02999d6142bc  |t 0 
952 f f |p ric  |a Texas A&M University  |b Rellis Campus  |c Joint Library Facility  |d Remote Storage  |t 0  |e UA839.3 .W52 1972  |h Library of Congress classification  |i unmediated -- volume  |m A14805697095 
998 f f |a UA839.3 .W52 1972  |t 0  |l Remote Storage